An Assessment of International, Regional and Legal, Policy and Institutional Frameworks for the Control and Prevention of Land Based Sources of Pollution (Record no. 4186)

000 -LEADER
fixed length control field 00507nam a22001457a 4500
003 - CONTROL NUMBER IDENTIFIER
control field OSt
005 - DATE AND TIME OF LATEST TRANSACTION
control field 20190711121733.0
008 - FIXED-LENGTH DATA ELEMENTS--GENERAL INFORMATION
fixed length control field 190711b xxu||||| |||| 00| 0 eng d
050 ## - LIBRARY OF CONGRESS CALL NUMBER
Classification number TD189.5.K5 M88 2018
100 ## - MAIN ENTRY--PERSONAL NAME
Personal name Muthoni, S. Gikundi
245 ## - TITLE STATEMENT
Title An Assessment of International, Regional and Legal, Policy and Institutional Frameworks for the Control and Prevention of Land Based Sources of Pollution
Statement of responsibility, etc Gikundi Sarah Muthoni
260 ## - PUBLICATION, DISTRIBUTION, ETC. (IMPRINT)
Place of publication, distribution, etc Nairobi
Date of publication, distribution, etc 2018
300 ## - PHYSICAL DESCRIPTION
Extent viii, 35
Dimensions 26cm
942 ## - ADDED ENTRY ELEMENTS (KOHA)
Source of classification or shelving scheme
Koha item type Research Project
Holdings
Withdrawn status Lost status Source of classification or shelving scheme Damaged status Not for loan Home library Current library Shelving location Date acquired Total Checkouts Full call number Barcode Date last seen Copy number Price effective from Koha item type
          Riara University Library Riara University Library Special Collection 11/07/2019   RUSC TD189.5.K5 2018 10129/19 11/07/2019 C.1 11/07/2019 Research Project
          Riara University Library Riara University Library Special Collection 11/07/2019   RUSC TD189.5.K5 2018 10143/19 11/07/2019 C.2 11/07/2019 Research Project

Riara University Library,
P.O. Box 49940-00100,
Nairobi, Kenya.